01401nam a2200337 a 4500001001100000003000800011006001900019007001500038008004100053010001700094020002000111020002200131040002100153035002000174050002700194082002100221100002000242245011300262260005500375300002400430490004300454504006800497533015200565650008200717650003400799655002900833710001700862830004400879856012500923999001501048ebr5000166CaPaEBRm u cr cn|||||||||981009s1999 ne a sb 001 0 eng  z 98048760  z1556197136 (US) z9027216320 (Eur.) aCaPaEBRcCaPaEBR a(OCoLC)5067132214aP306.8.E85bW55 1999eb04a418/.02/09432211 aWilss, Wolfram.10aTranslation and interpreting in the 20th centuryh[electronic resource] :bfocus on German /cWolfram Wilss. aAmsterdam ;aPhiladelphia :bJ. Benjamins,cc1999. axii, 256 p. :bill.1 aBenjamins translation library ;vv. 29 aIncludes bibliographical references (p. [237]-248) and indexes. aElectronic reproduction.bPalo Alto, Calif. :cebrary,d2013.nAvailable via World Wide Web.nAccess may be limited to ebrary affiliated libraries. 0aTranslating and interpretingzEurope, German-speakingxHistoryy20th century. 0aGerman languagexTranslating. 7aElectronic books.2local2 aebrary, Inc. 0aBenjamins translation library ;vv. 29.40uhttp://site.ebrary.com/lib/rucke/Doc?id=5000166zAn electronic book accessible through the World Wide Web; click to view c2165d2165